Normal view
MARC view
- Jurisprudence
Entry Topical Term
001 - CONTROL NUMBER
- control field: 35222
003 - CONTROL NUMBER IDENTIFIER
- control field: NUST
005 - DATE AND TIME OF LATEST TRANSACTION
- control field: 20201112151719.0
008 - FIXED-LENGTH DATA ELEMENTS
- fixed length control field: 201112|| aca||aabn | a|a d
040 ## - CATALOGING SOURCE
- Original cataloging agency: NUST
- Transcribing agency: NUST
150 ## - HEADING--TOPICAL TERM
- Topical term or geographic name entry element: Jurisprudence
670 ## - SOURCE DATA FOUND
- Source citation: Work cat.: (NUST)0: P. J. Fitzgerald, Sir, 1862-1924. 35221, Salmond on jurisprudence., 2020
